000 00567nam a2200205Ia 4500
005 20250508160954.0
008 008 250505s9999 xx 000 0 eng d
037 _aTextual
040 _aFEDL
_beng
_cFEDL
041 _aeng
_2eng
084 _a001.422, AGG
_qFEDL
100 _aAggarwal Y P
245 0 _aSampling methods for soical investigation
260 _aAmbala, India
_bBharat Vidya Vihar
_c1976
300 _a95p.
365 _aINR
_b20
650 _aStatistical Methods
942 _cTEXL
_h001.422, AGG
999 _c1367691
_d1367691